<?xml version="1.0" encoding="UTF-8"?><?xml-stylesheet type="text/xsl" href="static/style.xsl"?><OAI-PMH xmlns="http://www.openarchives.org/OAI/2.0/" xmlns:xsi="http://www.w3.org/2001/XMLSchema-instance" xsi:schemaLocation="http://www.openarchives.org/OAI/2.0/ http://www.openarchives.org/OAI/2.0/OAI-PMH.xsd"><responseDate>2026-06-30T04:09:31Z</responseDate><request verb="GetRecord" identifier="oai:riubu.ubu.es:10259/7122" metadataPrefix="marc">https://riubu.ubu.es/oai/request</request><GetRecord><record><header><identifier>oai:riubu.ubu.es:10259/7122</identifier><datestamp>2023-06-22T12:35:59Z</datestamp><setSpec>com_10259_5088</setSpec><setSpec>com_10259_2728</setSpec><setSpec>col_10259_2764</setSpec></header><metadata><record xmlns="http://www.loc.gov/MARC21/slim" xmlns:doc="http://www.lyncode.com/xoai" xmlns:xsi="http://www.w3.org/2001/XMLSchema-instance" xmlns:dcterms="http://purl.org/dc/terms/" xsi:schemaLocation="http://www.loc.gov/MARC21/slim http://www.loc.gov/standards/marcxml/schema/MARC21slim.xsd">
<leader>00925njm 22002777a 4500</leader>
<datafield tag="042" ind1=" " ind2=" ">
<subfield code="a">dc</subfield>
</datafield>
<datafield tag="720" ind1=" " ind2=" ">
<subfield code="a">Pérez Alonso, Saray</subfield>
<subfield code="e">author</subfield>
</datafield>
<datafield tag="520" ind1=" " ind2=" ">
<subfield code="a">Esta propuesta didáctica plantea un cambio de enfoque y metodológico para la asignatura de Historia&#xd;
del Arte de 2º de Bachillerato, orientado hacia un enfoque perceptivo práctico. Se interesa en un&#xd;
método de trabajo que favorezca en el alumnado un proceso de alfabetización visual, o adquisición de&#xd;
habilidades autónomas para la lectura, producción y análisis de mensajes visuales, como una habilidad&#xd;
indispensable en la realidad posmoderna. La comunicación visual y sus lenguajes son un recurso muy&#xd;
explotado en la sociedad actual, que consume a diario más imágenes que palabras. La efectividad de&#xd;
emisión y lectura responde a contextos culturales, y sus códigos se nutren también de ellos. Es por ello&#xd;
necesario realizar una labor retrospectiva para comprender cómo ha funcionado y funciona el lenguaje&#xd;
visual y sus códigos a lo largo de la historia y el por qué, para posteriormente proceder a un análisis&#xd;
exhaustivo y crítico de los mismos como origen de discriminaciones y manipulaciones. Se postula&#xd;
aquí un nuevo enfoque de la asignatura de Historia del Arte como acceso a estos conocimientos&#xd;
prácticos, estrechamente ligados con los estándares de aprendizaje que exige el currículo.&#xd;
Como ejemplo se expone el diseño de una actividad en formato WebQuest, que plantea el objetivo de&#xd;
trabajar en un sistema cada vez menos dirigido, que fomente la consecución de habilidades y&#xd;
competencias autónomas de lectura y pensamiento crítico del alumnado, útiles no solo para la&#xd;
superación de las pruebas de evaluación sino para su uso en la vida diaria.</subfield>
</datafield>
<datafield tag="024" ind2=" " ind1="8">
<subfield code="a">http://hdl.handle.net/10259/7122</subfield>
</datafield>
<datafield ind1=" " ind2=" " tag="653">
<subfield code="a">Alfabetización visual</subfield>
</datafield>
<datafield ind1=" " ind2=" " tag="653">
<subfield code="a">Historia del arte</subfield>
</datafield>
<datafield ind1=" " ind2=" " tag="653">
<subfield code="a">Género</subfield>
</datafield>
<datafield ind1=" " ind2=" " tag="653">
<subfield code="a">Vanguardias</subfield>
</datafield>
<datafield ind1=" " ind2=" " tag="653">
<subfield code="a">WebQuest</subfield>
</datafield>
<datafield tag="245" ind1="0" ind2="0">
<subfield code="a">Didácticas de la Historia del Arte desde y para la alfabetización visual. Las vanguardias del s XX. Un enfoque teórico-práctico</subfield>
</datafield>
</record></metadata></record></GetRecord></OAI-PMH>